000 01124nac a22003131i 4500
003 EG-ScBUE
005 20241126102724.0
008 090407t2007 njua f 001 0 eng d
020 _a047175532X (pbk.)
020 _a9780471755302
035 _a(OCoLC)ocm62093053
040 _aEG-ScBUE
_beng
_erda
_cEG-ScBUE
_dEG-ScBUE
082 0 4 _a519.5
_bMAN
_222
100 1 _93216
_aMann, Prem S.,
_eauthor.
245 1 0 _aIntroductory Statistics /
_cPrem S. Mann, Eastern Connecticut State University.
250 _aSixth edition.
264 1 _aHoboken, NJ :
_bJohn Wiley & Sons,
_c[2007]
264 4 _cc2007
300 _a1 volume (various pagings) :
_billustrations (some color) ;
_c29 cm
336 _2rdacontent
_atext
_btxt
337 _aunmediated
_2rdamedia
_bn
338 _avolume
_bnc
_2rdacarrier
500 _aIncludes index.
650 7 _aStatistics.
_93217
655 _vReading book
856 4 1 _3Table of contents only
_uhttp://www.loc.gov/catdir/toc/fy0607/2005055154.html
856 4 1 _3Publisher description
_uhttp://www.loc.gov/catdir/enhancements/fy0645/2005055154-d.html
942 _cBB
_2ddc
999 _c2021
_d2021